Načítá se...

Daya-bhaga and mitaksara : two treatises on the hindu law of inheritance /

Podrobná bibliografie
Další autoři: Coolebrooke, H T (Překladatel)
Médium: Printed Book
Jazyk:English
Vydáno: Delhi : Parimal Publications , 1984.
Edice:Parimal Sanskrit Series. 13.
LEADER 00777nam a22001577a 4500
008 161111b xxu||||| |||| 00| 0 eng d
082 |a 294.5926, DAY 
245 |a Daya-bhaga and mitaksara :  |b two treatises on the hindu law of inheritance /  |c Tr. by H T Colebrooke. 
260 |a Delhi :  |b Parimal Publications ,  |c 1984. 
300 |a 377p. 
490 |a Parimal Sanskrit Series.  |v 13. 
700 |a Coolebrooke, H T  |e Translator. 
942 |c BK 
999 |c 250511  |d 250511 
952 |0 0  |1 0  |4 0  |6 294_000000000000000_5926_DAY  |7 0  |9 278849  |a SAN  |b SAN  |c ST1  |d 2016-11-11  |i 4216  |l 2  |o 294.5926, DAY  |p SAN4216  |r 2020-11-20  |s 2020-02-12  |w 2018-08-17  |y BK 
952 |0 0  |1 0  |2 ddc  |4 0  |6 294_000000000000000_5926_DAY  |7 0  |9 403246  |a SAN  |b SAN  |c ST1  |d 2020-02-29  |g 600.00  |i 12069  |l 0  |o 294.5926, DAY  |p SAN12069  |r 2020-02-29  |w 2020-02-29  |y BK